| 000 | 00615nam a2200205Ia 4500 | ||
|---|---|---|---|
| 003 | OSt | ||
| 005 | 20240404160126.0 | ||
| 008 | 210210b1989 xxu||||| |||| 00| 0 eng d | ||
| 040 | _cAL | ||
| 041 | _aKannada | ||
| 082 | _a574.5K SHIN | ||
| 100 |
_aSHIVARAMA KARANTA, Tr. _993375 _dಶಿವರಾಮ ಕಾರಂತ |
||
| 245 |
_aNammellarigu onde bhavishya _bನಮ್ಮೆಲ್ಲರಿಗೂ ಒಂದೇ ಭವಿಷ್ಯ |
||
| 260 |
_aSagara _bAksha Prakashana _c1989 |
||
| 300 | _av,107 | ||
| 650 |
_aVishwa parisara samikshe _993376 |
||
| 690 |
_aEcology _993377 |
||
| 906 | _a044354 | ||
| 942 |
_2ddc _cBK |
||
| 999 |
_c93718 _d93718 |
||